000 00810nam a22002177a 4500
005 20080618102431.0
008 080618t xxu||||| |||| 00| 0 eng d
010 _aENG-90372
020 _a8175052988
_c50.00
035 _aEN-73905
037 _bDBAD / PUB
040 _aDPL
_bEN
082 _a181.46
100 _aTathagatananda, Swami
245 _aRelief of tension, depression & anxiety through spiritual living /
_cby Swami Tathagatananda
260 _aKolkata
_bAdvaita Ashrama
_c2008
270 _a5 Dehi Entally Raod,
_bKolkata
_e700014
300 _a240p.
_c23 cm (pbk)
942 _cEN
_h181.46
_2ddc
_mTAT
999 _c13770
_d13770